000 00373 a2200121 4500
001 ART_50901
005 20260410162007.0
008 260409a
245 1 0 _aLa hipoteca y la prenda y la normativa de emergencia
100 1 _aHumphreys, Ethel
700 1 _aMartinat, Julieta
773 0 _tTemas de derecho civil
_g- Año 6, N° 5 (mayo 2020)
_wREV34778
999 _c31871
_d31871